000 00947cam a2200301 a 4500
001 954016
003 GBCCL
005 20251204144546.0
008 840607s1984 miu bd 000 0 eng
020 _a0801034132
020 _a9780801034138
035 _a954016
040 _aDLC
_cDLC
_dDLC
082 0 0 _a230.0462403
_221
_bEVA 1
245 0 0 _aEvangelical dictionary of theology /
_cedited by Walter A. Elwell.
260 _aGrand Rapids, Mich. :
_bBaker Book House,
_cc1984.
300 _axxii, 1204 p. ;
_c27 cm.
336 _atext
_btxt
_2rdacontent
337 _aunmediated
_bn
_2rdamedia
338 _avolume
_bnc
_2rdacarrier
440 0 _a[Baker reference library ;
_v1]
504 _aIncludes bibliographies.
650 0 _aTheology
_xDictionaries.
700 1 _aElwell, Walter A.
906 _a7
_bcbc
_corignew
_d2
_eopcn
_f19
_gy-gencatlg
942 _2ddc
_cREF
_n0
999 _c11100
_d11100